| 000 | 00674nam a2200265Ia 4500 | ||
|---|---|---|---|
| 001 | Z_4305 | ||
| 003 | CHAP | ||
| 008 | 220113s1981 xx 000 0 und d | ||
| 010 | _a167371 | ||
| 040 | _cCHAP | ||
| 082 | _a633.8849 A9 | ||
| 100 |
_aAyerza, Ricardo _99004 |
||
| 245 |
_aEl buffel grass : utilidad y manejo de una promisoria gramÃnea / _cpor Ricardo Ayerza |
||
| 260 |
_aBuenos Aires : _bHemisferio Sur, _c1981 |
||
| 300 | _a139 p. | ||
| 503 | _aej.1 C/E \ ej.2 fotocopia | ||
| 650 |
_aGramÃneas _950260 |
||
| 650 |
_aZacate buffel _9123395 |
||
| 901 | _a633.8849 A9 | ||
| 902 | _aM | ||
| 910 | _a1981 | ||
| 942 | _c1 | ||
| 942 | _cc1 | ||
| 999 |
_c167371 _d167371 |
||